000 00233 a2200085 4500
082 _a297.1226 KAR
245 _aAL Hadis [Book 2]
_cMaulana Fazlul Karim
260 _aPakistan
_bIslamic Education Center
_c1998 .
300 _avii ,732p .
650 _aIslam- translation
999 _c159
_d159